Vida de Porfirio de Gaza
Gardado en:
| Autor Principal: | |
|---|---|
| Formato: | Libro |
| Idioma: | Lingua castelá |
| Publicado: |
Madrid
Trotta
2008
|
| Series: | Estructuras y Procesos Serie religión-Colección de Vidas
|
| Subjects: | |
| Tags: |
Engadir etiqueta
Sen Etiquetas, Sexa o primeiro en etiquetar este rexistro!
|
MARC
| LEADER | 00000nam a2200000 a 4500 | ||
|---|---|---|---|
| 001 | UCI8849 | ||
| 003 | CL-VaPUC | ||
| 008 | 081009e20080000SP |||||||||||||||||spa|d | ||
| 020 | |a 9788481649567 | ||
| 082 | 0 | 4 | |a 922.294 |b MAR |2 21 |
| 100 | |a Marco, el Diácono |e autor |9 532488 | ||
| 245 | 1 | 0 | |a Vida de Porfirio de Gaza |
| 300 | |a 90 p | ||
| 942 | |c BK | ||
| 945 | |d 20081009 00:00:00 |a rbrito | ||
| 260 | |a Madrid |b Trotta |c 2008 | ||
| 600 | 0 | 7 | |a PORFIRIO DE GAZA |2 CL-VaPUC |9 532489 |
| 650 | 0 | |a Biografías |9 255210 | |
| 650 | 0 | |a Vida religiosa |9 257284 | |
| 651 | 0 | |a Palestina |9 324189 | |
| 651 | 7 | |a GAZA |2 CL-VaPUC |9 532490 | |
| 583 | |a last modification |c 20081009 00:00:00 |k Rodrigo Vera | ||
| 490 | 0 | |a Estructuras y Procesos Serie religión-Colección de Vidas | |
| 999 | |c 331615 |d 331613 | ||
| 952 | |0 0 |1 0 |4 0 |6 922_294000000000000_MAR_2008 |7 0 |8 A |9 418399 |a BIBHIS |b BIBHIS |d 2019-11-22 |i 4486196 |o 922.294 MAR 2008 |p 4486196 |r 2025-01-20 |w 2019-11-22 |y BK |k HIS | ||